[Event "ODJM B 2024"]
[Site "Willingen GER"]
[Date "2024.05.21"]
[Round "4"]
[White "Seifert, Hendrik"]
[Black "Schedel, Loris"]
[Result "0-1"]
[Termination "normal"]
[Board "2"]
[WhiteElo "1748"]
[BlackElo "1819"]
[WhiteClock "00:00:35"]
[BlackClock "00:23:40"]
[PlyCount "118"]
[WhiteFideId "16241193"]
[BlackFideId "16255542"]
[EventCountry "GER"]
[EventRounds "9"]
[EventType "swiss"]
[EventDate "2024.05.18"]

1. e4 {[%clk 01:30:48]} {[%emt 00:00:02]} c5 {[%clk 01:30:58]} 2. c3 {[%clk
01:31:05]} {[%emt 00:00:25]} d5 {[%clk 01:31:19]} {[%emt 00:00:09]} 3. exd5
{[%clk 01:31:29]} {[%emt 00:00:06]} Qxd5 {[%clk 01:31:44]} {[%emt 00:00:05]} 4.
d4 {[%clk 01:31:49]} {[%emt 00:00:11]} e6 {[%clk 01:31:59]} {[%emt 00:00:15]}
5. Nf3 {[%clk 01:31:32]} {[%emt 00:00:46]} a6 {[%clk 01:32:21]} {[%emt
00:00:09]} 6. Be3 {[%clk 01:30:12]} {[%emt 00:01:49]} cxd4 {[%clk 01:31:28]}
{[%emt 00:01:23]} 7. cxd4 {[%clk 01:28:34]} {[%emt 00:02:08]} Nf6 {[%clk
01:30:12]} {[%emt 00:01:46]} 8. Nc3 {[%clk 01:27:15]} {[%emt 00:01:49]} Qd8
{[%clk 01:30:20]} {[%emt 00:00:22]} 9. Be2 {[%clk 01:26:37]} {[%emt 00:01:06]}
Nc6 {[%clk 01:30:22]} {[%emt 00:00:30]} 10. O-O {[%clk 01:24:33]} {[%emt
00:02:34]} Be7 {[%clk 01:28:28]} {[%emt 00:02:24]} 11. Qd2 {[%clk 01:22:40]}
{[%emt 00:02:23]} b5 {[%clk 01:23:35]} {[%emt 00:05:23]} 12. a3 {[%clk
01:19:27]} {[%emt 00:03:44]} Bb7 {[%clk 01:20:55]} {[%emt 00:03:10]} 13. Rad1
{[%clk 01:15:40]} {[%emt 00:04:16]} Nd5 {[%clk 01:15:48]} {[%emt 00:05:37]} 14.
Ne5 {[%clk 01:05:50]} {[%emt 00:10:20]} Nxe5 {[%clk 00:54:08]} {[%emt
00:22:10]} 15. dxe5 {[%clk 01:03:16]} {[%emt 00:03:04]} O-O {[%clk 00:52:25]}
{[%emt 00:02:13]} 16. Bf3 {[%clk 01:00:00]} {[%emt 00:03:45]} Nxe3 {[%clk
00:49:23]} {[%emt 00:03:33]} 17. Qxe3 {[%clk 00:58:31]} {[%emt 00:01:59]} Qc7
{[%clk 00:49:11]} {[%emt 00:00:42]} 18. Bxb7 {[%clk 00:49:34]} {[%emt
00:09:26]} Qxb7 {[%clk 00:49:09]} {[%emt 00:00:34]} 19. Rd3 {[%clk 00:47:36]}
{[%emt 00:02:27]} Rad8 {[%clk 00:45:02]} {[%emt 00:04:38]} 20. Rfd1 {[%clk
00:45:53]} {[%emt 00:02:12]} h6 {[%clk 00:44:33]} {[%emt 00:00:59]} 21. Ne4
{[%clk 00:35:14]} {[%emt 00:11:08]} Rxd3 {[%clk 00:38:04]} {[%emt 00:07:01]}
22. Rxd3 {[%clk 00:24:25]} {[%emt 00:11:19]} Rd8 {[%clk 00:34:42]} {[%emt
00:03:51]} 23. Nd6 {[%clk 00:20:04]} {[%emt 00:04:50]} Qc7 {[%clk 00:32:11]}
{[%emt 00:03:02]} 24. Rc3 {[%clk 00:10:32]} {[%emt 00:10:02]} Qb8 {[%clk
00:31:55]} {[%emt 00:00:47]} 25. Rc6 {[%clk 00:10:04]} {[%emt 00:00:57]} Bxd6
{[%clk 00:30:40]} {[%emt 00:01:45]} 26. Rxd6 {[%clk 00:10:06]} {[%emt
00:00:29]} Rxd6 {[%clk 00:30:55]} {[%emt 00:00:14]} 27. exd6 {[%clk 00:10:30]}
{[%emt 00:00:05]} Qxd6 {[%clk 00:31:13]} {[%emt 00:00:12]} 28. g3 {[%clk
00:10:21]} {[%emt 00:00:40]} e5 {[%clk 00:26:38]} {[%emt 00:05:06]} 29. Qa7
{[%clk 00:07:39]} {[%emt 00:03:10]} f5 {[%clk 00:25:55]} {[%emt 00:01:14]} 30.
Qa8+ {[%clk 00:07:22]} {[%emt 00:00:47]} Kh7 {[%clk 00:26:12]} {[%emt
00:00:13]} 31. Qf3 {[%clk 00:07:25]} {[%emt 00:00:26]} Qg6 {[%clk 00:25:23]}
{[%emt 00:01:20]} 32. Qe3 {[%clk 00:05:09]} {[%emt 00:02:45]} e4 {[%clk
00:23:58]} {[%emt 00:01:56]} 33. b4 {[%clk 00:05:21]} {[%emt 00:00:18]} Qg5
{[%clk 00:23:13]} {[%emt 00:01:15]} 34. Qe1 {[%clk 00:04:30]} {[%emt 00:01:21]}
Qg4 {[%clk 00:22:49]} {[%emt 00:00:53]} 35. Qc1 {[%clk 00:03:15]} {[%emt
00:01:46]} h5 {[%clk 00:22:15]} {[%emt 00:01:04]} 36. h4 {[%clk 00:01:23]}
{[%emt 00:02:21]} Qf3 {[%clk 00:19:00]} {[%emt 00:03:45]} 37. Qc8 {[%clk
00:00:54]} {[%emt 00:01:00]} e3 {[%clk 00:18:38]} {[%emt 00:00:52]} 38. fxe3
{[%clk 00:00:46]} {[%emt 00:00:38]} Qxg3+ {[%clk 00:18:40]} {[%emt 00:00:28]}
39. Kf1 {[%clk 00:01:01]} {[%emt 00:00:14]} Qf3+ {[%clk 00:18:56]} {[%emt
00:00:14]} 40. Ke1 {[%clk 00:00:43]} {[%emt 00:00:48]} Qxe3+ {[%clk 00:19:11]}
{[%emt 00:00:16]} 41. Kf1 {[%clk 00:29:01]} {[%emt 00:02:12]} Qd3+ {[%clk
00:48:01]} {[%emt 00:01:39]} 42. Ke1 {[%clk 00:22:23]} {[%emt 00:07:08]} f4
{[%clk 00:44:50]} {[%emt 00:03:41]} 43. Qxa6 {[%clk 00:18:44]} {[%emt
00:04:09]} f3 {[%clk 00:43:28]} {[%emt 00:01:53]} 44. Qe6 {[%clk 00:18:33]}
{[%emt 00:00:42]} Qc3+ {[%clk 00:37:25]} {[%emt 00:06:32]} 45. Kf2 {[%clk
00:15:11]} {[%emt 00:03:50]} Qd4+ {[%clk 00:36:27]} {[%emt 00:01:30]} 46. Kxf3
{[%clk 00:11:21]} {[%emt 00:04:19]} Qxh4 {[%clk 00:36:25]} {[%emt 00:00:33]}
47. Qf5+ {[%clk 00:11:14]} {[%emt 00:00:37]} Kh6 {[%clk 00:35:42]} {[%emt
00:01:12]} 48. Qxb5 {[%clk 00:09:34]} {[%emt 00:02:11]} Qh3+ {[%clk 00:35:31]}
{[%emt 00:00:42]} 49. Kf2 {[%clk 00:07:21]} {[%emt 00:02:42]} Qxa3 {[%clk
00:34:56]} {[%emt 00:01:05]} 50. Qc6+ {[%clk 00:05:01]} {[%emt 00:02:50]} g6
{[%clk 00:33:47]} {[%emt 00:01:39]} 51. b5 {[%clk 00:05:20]} {[%emt 00:00:11]}
Qb2+ {[%clk 00:32:24]} {[%emt 00:01:53]} 52. Kg3 {[%clk 00:04:21]} {[%emt
00:01:27]} Kg5 {[%clk 00:29:59]} {[%emt 00:02:56]} 53. Qc5+ {[%clk 00:04:08]}
{[%emt 00:00:44]} Kf6 {[%clk 00:30:10]} {[%emt 00:00:19]} 54. b6 {[%clk
00:03:38]} {[%emt 00:01:00]} h4+ {[%clk 00:22:47]} {[%emt 00:07:53]} 55. Kxh4
{[%clk 00:03:05]} {[%emt 00:01:03]} Qh2+ {[%clk 00:23:07]} {[%emt 00:00:09]}
56. Kg4 {[%clk 00:03:19]} {[%emt 00:00:16]} Qg2+ {[%clk 00:23:17]} {[%emt
00:00:21]} 57. Kf4 {[%clk 00:00:38]} {[%emt 00:03:10]} g5+ {[%clk 00:23:19]}
{[%emt 00:00:28]} 58. Ke3 {[%clk 00:00:34]} {[%emt 00:00:35]} Qg1+ {[%clk
00:23:40]} {[%emt 00:00:09]} 59. Kd3 {[%clk 00:00:35]} {[%emt 00:00:29]} Qxc5
{[%emt 00:02:09]} 0-1

[Event "ODJM B 2024"]
[Site "Willingen GER"]
[Date "2024.05.21"]
[Round "4"]
[White "Schönherr, Stijn"]
[Black "Roth, Jonas"]
[Result "1-0"]
[Termination "normal"]
[Board "3"]
[WhiteElo "1601"]
[BlackElo "1766"]
[WhiteClock "01:14:18"]
[BlackClock "00:11:07"]
[PlyCount "101"]
[WhiteFideId "34611622"]
[BlackFideId "34623515"]
[EventCountry "GER"]
[EventRounds "9"]
[EventType "swiss"]
[EventDate "2024.05.18"]

1. e4 {[%clk 01:30:57]} {[%emt 00:00:03]} d5 {[%clk 01:30:56]} {[%emt
00:00:04]} 2. exd5 {[%clk 01:31:19]} {[%emt 00:00:08]} Qxd5 {[%clk 01:31:22]}
{[%emt 00:00:04]} 3. Nc3 {[%clk 01:31:37]} {[%emt 00:00:12]} Qa5 {[%clk
01:31:50]} {[%emt 00:00:02]} 4. d4 {[%clk 01:31:51]} {[%emt 00:00:16]} Nf6
{[%clk 01:32:10]} {[%emt 00:00:09]} 5. Bd2 {[%clk 01:31:49]} {[%emt 00:00:33]}
Bf5 {[%clk 01:32:34]} {[%emt 00:00:06]} 6. Qf3 {[%clk 01:19:51]} {[%emt
00:12:28]} Nc6 {[%clk 01:23:28]} {[%emt 00:09:36]} 7. Nb5 {[%clk 01:19:01]}
{[%emt 00:01:19]} Be4 {[%clk 01:01:16]} {[%emt 00:22:42]} 8. Bxa5 {[%clk
01:18:07]} {[%emt 00:01:25]} Bxf3 {[%clk 01:01:38]} {[%emt 00:00:07]} 9. Nxf3
{[%clk 01:18:22]} {[%emt 00:00:15]} Nxa5 {[%clk 01:01:03]} {[%emt 00:01:06]}
10. Nxc7+ {[%clk 01:18:45]} {[%emt 00:00:07]} Kd7 {[%clk 01:00:45]} {[%emt
00:00:47]} 11. Nxa8 {[%clk 01:19:08]} {[%emt 00:00:07]} Kc8 {[%clk 00:59:21]}
{[%emt 00:01:54]} 12. O-O-O {[%clk 01:18:59]} {[%emt 00:00:40]} Ne4 {[%clk
00:51:38]} {[%emt 00:08:13]} 13. Re1 {[%clk 01:15:19]} {[%emt 00:04:09]} Nxf2
{[%clk 00:50:56]} {[%emt 00:01:12]} 14. Rg1 {[%clk 01:15:37]} {[%emt 00:00:12]}
Ng4 {[%clk 00:49:06]} {[%emt 00:02:19]} 15. d5 {[%clk 01:15:14]} {[%emt
00:00:54]} b6 {[%clk 00:47:49]} {[%emt 00:01:48]} 16. Ba6+ {[%clk 01:15:15]}
{[%emt 00:00:29]} Kb8 {[%clk 00:46:30]} {[%emt 00:01:49]} 17. d6 {[%clk
01:15:30]} {[%emt 00:00:15]} Nc6 {[%clk 00:43:36]} {[%emt 00:03:23]} 18. d7
{[%clk 01:14:41]} {[%emt 00:01:19]} Kxa8 {[%clk 00:43:12]} {[%emt 00:00:55]}
19. Nd4 {[%clk 01:14:51]} {[%emt 00:00:20]} Nd8 {[%clk 00:41:52]} {[%emt
00:01:49]} 20. Bb5 {[%clk 01:15:08]} {[%emt 00:00:14]} Kb8 {[%clk 00:40:25]}
{[%emt 00:01:56]} 21. Nc6+ {[%clk 01:15:29]} {[%emt 00:00:09]} Nxc6 {[%clk
00:40:12]} {[%emt 00:00:43]} 22. Bxc6 {[%clk 01:15:52]} {[%emt 00:00:08]} Kc7
{[%clk 00:40:28]} {[%emt 00:00:14]} 23. Rd1 {[%clk 01:16:07]} {[%emt 00:00:15]}
Kd8 {[%clk 00:40:33]} {[%emt 00:00:23]} 24. Ba4 {[%clk 01:16:04]} {[%emt
00:00:34]} e6 {[%clk 00:36:36]} {[%emt 00:04:28]} 25. Rd4 {[%clk 01:16:20]}
{[%emt 00:00:14]} Bc5 {[%clk 00:35:21]} {[%emt 00:01:45]} 26. Rc4 {[%clk
01:16:44]} {[%emt 00:00:05]} Ne3 {[%clk 00:33:38]} {[%emt 00:02:14]} 27. Rc3
{[%clk 01:16:12]} {[%emt 00:01:02]} Nd5 {[%clk 00:33:01]} {[%emt 00:01:05]} 28.
Rc4 {[%clk 01:16:20]} {[%emt 00:00:24]} Ne3 {[%clk 00:33:11]} {[%emt 00:00:20]}
29. Re4 {[%clk 01:16:25]} {[%emt 00:00:21]} Nd5 {[%clk 00:30:43]} {[%emt
00:03:01]} 30. Rd1 {[%clk 01:16:31]} {[%emt 00:00:23]} Nc7 {[%clk 00:29:42]}
{[%emt 00:01:32]} 31. Bc6 {[%clk 01:11:22]} {[%emt 00:05:39]} Ke7 {[%clk
00:28:47]} {[%emt 00:01:24]} 32. b4 {[%clk 01:10:51]} {[%emt 00:01:03]} f5
{[%clk 00:26:40]} {[%emt 00:02:36]} 33. Rc4 {[%clk 01:00:12]} {[%emt 00:11:09]}
Be3+ {[%clk 00:25:19]} {[%emt 00:01:51]} 34. Kb1 {[%clk 01:00:32]} {[%emt
00:00:11]} g5 {[%clk 00:19:28]} {[%emt 00:06:20]} 35. Rc3 {[%clk 01:00:40]}
{[%emt 00:00:22]} Bf4 {[%clk 00:17:08]} {[%emt 00:02:50]} 36. g3 {[%clk
01:00:52]} {[%emt 00:00:18]} Be5 {[%clk 00:16:39]} {[%emt 00:00:59]} 37. Rcd3
{[%clk 01:01:02]} {[%emt 00:00:20]} Rd8 {[%clk 00:16:43]} {[%emt 00:00:25]} 38.
Ra3 {[%clk 01:00:06]} {[%emt 00:01:27]} a6 {[%clk 00:14:11]} {[%emt 00:03:03]}
39. Re3 {[%clk 00:57:10]} {[%emt 00:03:23]} Bg7 {[%clk 00:12:21]} {[%emt
00:02:20]} 40. c4 {[%clk 00:57:03]} {[%emt 00:00:39]} h5 {[%clk 00:07:41]}
{[%emt 00:05:10]} 41. b5 {[%clk 00:55:56]} {[%emt 00:01:38]} axb5 {[%clk
00:05:51]} {[%emt 00:02:20]} 42. cxb5 {[%clk 00:56:18]} {[%emt 00:00:07]} e5
{[%clk 00:01:50]} {[%emt 00:04:31]} 43. Ra3 {[%clk 00:53:05]} {[%emt 00:03:44]}
Ne6 {[%clk 00:24:04]} {[%emt 00:08:15]} 44. Ra6 {[%clk 01:13:44]} {[%emt
00:09:51]} Rb8 {[%clk 00:24:26]} {[%emt 00:00:09]} 45. Ra7 {[%clk 01:14:03]}
{[%emt 00:00:10]} Nd8 {[%clk 00:24:17]} {[%emt 00:00:37]} 46. Rc7 {[%clk
01:13:50]} {[%emt 00:00:45]} e4 {[%clk 00:22:35]} {[%emt 00:02:12]} 47. Rc8
{[%clk 01:14:12]} {[%emt 00:00:09]} Be5 {[%clk 00:18:30]} {[%emt 00:04:35]} 48.
Rd5 {[%clk 01:13:44]} {[%emt 00:00:58]} Bf4 {[%clk 00:10:44]} {[%emt 00:08:16]}
49. gxf4 {[%clk 01:13:37]} {[%emt 00:00:36]} gxf4 {[%clk 00:11:10]} {[%emt
00:00:04]} 50. Rxf5 {[%clk 01:13:57]} {[%emt 00:00:10]} Nxc6 {[%clk 00:11:07]}
{[%emt 00:00:33]} 51. bxc6 {[%clk 01:14:18]} {[%emt 00:00:09]} 1-0

[Event "ODJM B 2024"]
[Site "Willingen GER"]
[Date "2024.05.21"]
[Round "4"]
[White "John, Niklas"]
[Black "Kelembet, Maksym"]
[Result "1-0"]
[Termination "normal"]
[Board "4"]
[WhiteElo "1797"]
[BlackElo "1611"]
[WhiteClock "00:04:42"]
[BlackClock "00:10:22"]
[PlyCount "61"]
[WhiteFideId "16234626"]
[BlackFideId "34684735"]
[EventCountry "GER"]
[EventRounds "9"]
[EventType "swiss"]
[EventDate "2024.05.18"]

1. e4 {[%clk 01:30:56]} {[%emt 00:00:03]} c5 {[%clk 01:30:58]} {[%emt
00:00:03]} 2. Nf3 {[%clk 01:31:17]} {[%emt 00:00:09]} e6 {[%clk 01:31:23]}
{[%emt 00:00:04]} 3. d4 {[%clk 01:31:32]} {[%emt 00:00:14]} cxd4 {[%clk
01:31:49]} {[%emt 00:00:05]} 4. Nxd4 {[%clk 01:31:48]} {[%emt 00:00:14]} Nf6
{[%clk 01:32:14]} {[%emt 00:00:06]} 5. Bd3 {[%clk 01:29:15]} {[%emt 00:03:03]}
Nc6 {[%clk 01:32:20]} {[%emt 00:00:24]} 6. Nxc6 {[%clk 01:27:47]} {[%emt
00:01:58]} bxc6 {[%clk 01:32:42]} {[%emt 00:00:08]} 7. O-O {[%clk 01:27:01]}
{[%emt 00:01:14]} Be7 {[%clk 01:32:02]} {[%emt 00:01:11]} 8. e5 {[%clk
01:21:57]} {[%emt 00:05:34]} Nd5 {[%clk 01:32:26]} {[%emt 00:00:06]} 9. Qg4
{[%clk 01:18:03]} {[%emt 00:04:23]} g6 {[%clk 01:25:52]} {[%emt 00:07:05]} 10.
Bh6 {[%clk 01:12:41]} {[%emt 00:05:52]} Bf8 {[%clk 01:24:08]} {[%emt 00:02:15]}
11. Bxf8 {[%clk 01:06:49]} {[%emt 00:06:22]} Kxf8 {[%clk 01:24:31]} {[%emt
00:00:07]} 12. Nd2 {[%clk 00:58:20]} {[%emt 00:08:58]} d6 {[%clk 01:12:10]}
{[%emt 00:12:52]} 13. Nc4 {[%clk 00:52:03]} {[%emt 00:06:47]} dxe5 {[%clk
01:10:32]} {[%emt 00:02:07]} 14. Nxe5 {[%clk 00:52:06]} {[%emt 00:00:27]} Qd6
{[%clk 01:01:39]} {[%emt 00:09:24]} 15. Rfe1 {[%clk 00:34:19]} {[%emt
00:18:17]} f6 {[%clk 00:56:27]} {[%emt 00:05:41]} 16. Nc4 {[%clk 00:30:41]}
{[%emt 00:04:08]} Qf4 {[%clk 00:56:30]} {[%emt 00:00:27]} 17. Qd1 {[%clk
00:27:33]} {[%emt 00:03:37]} Qg5 {[%clk 00:45:34]} {[%emt 00:11:27]} 18. Nd6
{[%clk 00:23:05]} {[%emt 00:04:58]} Nf4 {[%clk 00:41:14]} {[%emt 00:04:50]} 19.
Qf3 {[%clk 00:22:09]} {[%emt 00:01:26]} Nxd3 {[%clk 00:38:23]} {[%emt
00:03:21]} 20. cxd3 {[%clk 00:21:24]} {[%emt 00:01:15]} Bd7 {[%clk 00:34:55]}
{[%emt 00:03:58]} 21. h4 {[%clk 00:11:56]} {[%emt 00:09:58]} Qxh4 {[%clk
00:34:10]} {[%emt 00:01:15]} 22. Re4 {[%clk 00:12:10]} {[%emt 00:00:16]} Qg5
{[%clk 00:32:09]} {[%emt 00:02:31]} 23. Rg4 {[%clk 00:12:02]} {[%emt 00:00:38]}
Qe5 {[%clk 00:30:18]} {[%emt 00:02:21]} 24. Nc4 {[%clk 00:11:57]} {[%emt
00:00:35]} Qf5 {[%clk 00:29:14]} {[%emt 00:01:35]} 25. Rf4 {[%emt 00:00:36]}
Qd5 {[%clk 00:29:30]} 26. Rxf6+ {[%clk 00:11:26]} {[%emt 00:01:08]} Ke7 {[%clk
00:22:49]} {[%emt 00:07:11]} 27. Rf7+ {[%clk 00:10:43]} {[%emt 00:01:13]} Kd8
{[%clk 00:22:00]} {[%emt 00:01:19]} 28. Qf4 {[%clk 00:08:47]} {[%emt 00:02:26]}
Rc8 {[%clk 00:14:56]} {[%emt 00:07:34]} 29. Ne5 {[%clk 00:05:09]} {[%emt
00:04:07]} Rc7 {[%clk 00:11:02]} {[%emt 00:04:25]} 30. Nxd7 {[%clk 00:05:13]}
{[%emt 00:00:26]} e5 {[%clk 00:10:22]} {[%emt 00:01:10]} 31. Qf6+ {[%clk
00:04:42]} {[%emt 00:01:01]} 1-0

[Event "ODJM B 2024"]
[Site "Willingen GER"]
[Date "2024.05.21"]
[Round "4"]
[White "Borgert, Alexander"]
[Black "Ensslen, Jakob"]
[Result "1-0"]
[Termination "normal"]
[Board "5"]
[WhiteElo "1683"]
[BlackElo "1740"]
[WhiteClock "00:08:16"]
[BlackClock "00:01:27"]
[PlyCount "79"]
[WhiteFideId "16289188"]
[BlackFideId "34640258"]
[EventCountry "GER"]
[EventRounds "9"]
[EventType "swiss"]
[EventDate "2024.05.18"]

1. d4 {[%clk 01:30:54]} {[%emt 00:00:06]} d5 {[%clk 01:30:52]} {[%emt
00:00:08]} 2. c4 {[%clk 01:31:18]} {[%emt 00:00:06]} c6 {[%clk 01:31:15]}
{[%emt 00:00:07]} 3. cxd5 {[%clk 01:31:33]} {[%emt 00:00:15]} cxd5 {[%clk
01:31:32]} {[%emt 00:00:12]} 4. Nc3 {[%clk 01:31:55]} {[%emt 00:00:08]} Nf6
{[%clk 01:30:58]} {[%emt 00:01:05]} 5. Nf3 {[%clk 01:32:14]} {[%emt 00:00:10]}
Bf5 {[%clk 01:29:43]} {[%emt 00:01:46]} 6. Bf4 {[%clk 01:32:16]} {[%emt
00:00:28]} a6 {[%clk 01:25:34]} {[%emt 00:04:40]} 7. a3 {[%clk 01:31:20]}
{[%emt 00:01:26]} e6 {[%clk 01:23:46]} {[%emt 00:02:18]} 8. e3 {[%clk
01:31:08]} {[%emt 00:00:40]} Bd6 {[%clk 01:22:47]} {[%emt 00:01:30]} 9. Bg3
{[%clk 01:29:12]} {[%emt 00:02:26]} Qe7 {[%clk 01:16:24]} {[%emt 00:06:52]} 10.
Bd3 {[%clk 01:25:14]} {[%emt 00:04:29]} Bg6 {[%clk 01:13:39]} {[%emt 00:03:16]}
11. Na4 {[%clk 01:20:59]} {[%emt 00:04:44]} Nbd7 {[%clk 01:10:33]} {[%emt
00:03:35]} 12. Rc1 {[%clk 01:15:01]} {[%emt 00:06:28]} O-O {[%clk 01:04:20]}
{[%emt 00:06:44]} 13. Bxg6 {[%clk 01:10:49]} {[%emt 00:04:42]} fxg6 {[%clk
00:57:56]} {[%emt 00:06:54]} 14. O-O {[%clk 01:07:53]} {[%emt 00:03:25]} b5
{[%clk 00:50:44]} {[%emt 00:07:43]} 15. Bxd6 {[%clk 01:06:44]} {[%emt
00:01:38]} Qxd6 {[%clk 00:49:24]} {[%emt 00:01:51]} 16. Nc5 {[%clk 01:05:24]}
{[%emt 00:01:49]} Rfc8 {[%clk 00:34:18]} {[%emt 00:15:38]} 17. Nxd7 {[%clk
00:59:32]} {[%emt 00:06:20]} Nxd7 {[%clk 00:32:16]} {[%emt 00:02:32]} 18. Qb3
{[%clk 00:57:32]} {[%emt 00:02:31]} Nb6 {[%clk 00:27:17]} {[%emt 00:05:29]} 19.
Ne5 {[%clk 00:56:07]} {[%emt 00:01:54]} Nc4 {[%clk 00:24:01]} {[%emt 00:03:47]}
20. Nxc4 {[%clk 00:53:38]} {[%emt 00:02:59]} bxc4 {[%clk 00:23:26]} {[%emt
00:01:05]} 21. Qa2 {[%clk 00:53:41]} {[%emt 00:00:27]} Rcb8 {[%clk 00:21:18]}
{[%emt 00:02:38]} 22. Rc3 {[%clk 00:52:55]} {[%emt 00:01:14]} Rb6 {[%clk
00:15:29]} {[%emt 00:06:21]} 23. b3 {[%clk 00:50:28]} {[%emt 00:02:57]} cxb3
{[%clk 00:13:33]} {[%emt 00:02:25]} 24. Rxb3 {[%clk 00:50:49]} {[%emt
00:00:09]} Rxb3 {[%clk 00:13:19]} {[%emt 00:00:45]} 25. Qxb3 {[%clk 00:51:12]}
{[%emt 00:00:07]} Rb8 {[%clk 00:12:08]} {[%emt 00:01:41]} 26. Qc3 {[%clk
00:50:50]} {[%emt 00:00:51]} h5 {[%clk 00:10:41]} {[%emt 00:01:57]} 27. g3
{[%clk 00:49:15]} {[%emt 00:02:05]} Qb6 {[%clk 00:05:59]} {[%emt 00:05:12]} 28.
Rc1 {[%clk 00:36:08]} {[%emt 00:13:36]} Kh7 {[%clk 00:05:56]} {[%emt 00:00:34]}
29. Qc6 {[%clk 00:31:09]} {[%emt 00:05:27]} Qb2 {[%clk 00:05:11]} {[%emt
00:01:18]} 30. Qc3 {[%clk 00:23:41]} {[%emt 00:07:56]} Qb6 {[%clk 00:04:50]}
{[%emt 00:00:53]} 31. Kg2 {[%clk 00:18:55]} {[%emt 00:05:15]} Kh6 {[%clk
00:03:43]} {[%emt 00:01:37]} 32. Qc7 {[%clk 00:15:55]} {[%emt 00:03:27]} Qb2
{[%clk 00:03:45]} {[%emt 00:00:32]} 33. Rc2 {[%clk 00:14:07]} {[%emt 00:02:16]}
Qb3 {[%clk 00:03:45]} {[%emt 00:00:33]} 34. Rc6 {[%clk 00:13:31]} {[%emt
00:01:05]} Rf8 {[%clk 00:03:19]} {[%emt 00:00:56]} 35. Qe7 {[%clk 00:09:21]}
{[%emt 00:04:39]} Rf5 {[%clk 00:03:05]} {[%emt 00:00:44]} 36. Rc7 {[%clk
00:07:13]} {[%emt 00:02:38]} Qd1 {[%clk 00:00:55]} {[%emt 00:02:41]} 37. Qxg7+
{[%clk 00:07:22]} {[%emt 00:00:21]} Kg5 {[%clk 00:01:14]} {[%emt 00:00:12]} 38.
h4+ {[%clk 00:07:33]} {[%emt 00:00:18]} Kg4 {[%clk 00:01:11]} {[%emt 00:00:33]}
39. Qxg6+ {[%clk 00:07:54]} {[%emt 00:00:08]} Rg5 {[%clk 00:01:27]} {[%emt
00:00:14]} 40. Qxg5# {[%clk 00:08:16]} {[%emt 00:00:09]} 1-0

[Event "ODJM B 2024"]
[Site "Willingen GER"]
[Date "2024.05.21"]
[Round "4"]
[White "Reuter, Luca Marek"]
[Black "Wildermuth, Nikolas Karl"]
[Result "1/2-1/2"]
[Termination "normal"]
[Board "6"]
[WhiteElo "1739"]
[BlackElo "1777"]
[WhiteClock "01:19:55"]
[BlackClock "00:34:48"]
[PlyCount "56"]
[WhiteFideId "16226712"]
[BlackFideId "16244699"]
[EventCountry "GER"]
[EventRounds "9"]
[EventType "swiss"]
[EventDate "2024.05.18"]

1. e4 {[%clk 01:30:23]} {[%emt 00:00:36]} c5 {[%clk 01:30:53]} {[%emt
00:00:07]} 2. Nf3 {[%clk 01:30:48]} {[%emt 00:00:06]} a6 {[%clk 01:31:18]}
{[%emt 00:00:05]} 3. d4 {[%clk 01:30:27]} {[%emt 00:00:51]} cxd4 {[%clk
01:31:37]} {[%emt 00:00:11]} 4. c3 {[%clk 01:30:51]} {[%emt 00:00:06]} d5
{[%clk 01:28:31]} {[%emt 00:03:35]} 5. Qxd4 {[%clk 01:27:31]} {[%emt 00:03:51]}
dxe4 {[%clk 01:28:08]} {[%emt 00:00:53]} 6. Qxd8+ {[%clk 01:27:40]} {[%emt
00:00:20]} Kxd8 {[%clk 01:28:32]} {[%emt 00:00:06]} 7. Ng5 {[%clk 01:28:09]}
{[%emt 00:00:02]} Ke8 {[%clk 01:28:42]} {[%emt 00:00:20]} 8. Nxe4 {[%clk
01:28:34]} {[%emt 00:00:05]} Nd7 {[%clk 01:27:22]} {[%emt 00:01:50]} 9. Be3
{[%clk 01:28:17]} {[%emt 00:00:46]} Ngf6 {[%clk 01:24:23]} {[%emt 00:03:30]}
10. Nxf6+ {[%clk 01:25:47]} {[%emt 00:03:00]} Nxf6 {[%clk 01:24:17]} {[%emt
00:00:36]} 11. Bc4 {[%clk 01:25:54]} {[%emt 00:00:23]} b5 {[%clk 01:21:55]}
{[%emt 00:02:52]} 12. Bb3 {[%clk 01:26:09]} {[%emt 00:00:15]} Bb7 {[%clk
01:21:46]} {[%emt 00:00:40]} 13. O-O {[%clk 01:26:24]} {[%emt 00:00:14]} e6
{[%clk 01:21:04]} {[%emt 00:01:11]} 14. Nd2 {[%clk 01:25:18]} {[%emt 00:01:37]}
Be7 {[%clk 01:17:37]} {[%emt 00:03:57]} 15. Rfd1 {[%clk 01:25:25]} {[%emt
00:00:23]} Nd5 {[%clk 01:16:58]} {[%emt 00:01:09]} 16. Bd4 {[%clk 01:24:24]}
{[%emt 00:01:31]} Bf6 {[%clk 01:16:55]} {[%emt 00:00:33]} 17. Ne4 {[%clk
01:22:32]} {[%emt 00:02:22]} Rd8 {[%clk 01:08:15]} {[%emt 00:09:10]} 18. Bxd5
{[%clk 01:22:12]} {[%emt 00:00:50]} Rxd5 {[%clk 01:05:06]} {[%emt 00:03:39]}
19. Nxf6+ {[%clk 01:21:51]} {[%emt 00:00:51]} gxf6 {[%clk 01:03:57]} {[%emt
00:01:39]} 20. Bxf6 {[%clk 01:22:07]} {[%emt 00:00:14]} Rg8 {[%clk 01:04:14]}
{[%emt 00:00:13]} 21. f3 {[%clk 01:22:07]} {[%emt 00:00:30]} Rg6 {[%clk
01:02:46]} {[%emt 00:01:58]} 22. Bh4 {[%clk 01:22:22]} {[%emt 00:00:15]} Rh6
{[%clk 01:01:25]} {[%emt 00:01:51]} 23. Bg3 {[%clk 01:22:09]} {[%emt 00:00:43]}
Rhh5 {[%clk 00:55:57]} {[%emt 00:05:58]} 24. Kf1 {[%clk 01:21:33]} {[%emt
00:01:05]} Rxd1+ {[%clk 00:51:59]} {[%emt 00:04:28]} 25. Rxd1 {[%clk 01:21:59]}
{[%emt 00:00:05]} Rd5 {[%clk 00:48:25]} {[%emt 00:04:04]} 26. Rxd5 {[%clk
01:22:21]} {[%emt 00:00:08]} Bxd5 {[%clk 00:44:08]} {[%emt 00:04:46]} 27. b3
{[%clk 01:22:46]} {[%emt 00:00:06]} a5 {[%clk 00:36:19]} {[%emt 00:08:19]} 28.
Ke2 {[%clk 01:19:55]} {[%emt 00:03:21]} a4 {[%clk 00:34:48]} {[%emt 00:02:01]}
1/2-1/2